000 00487nam a2200169 4500
001 122020
003 ES-MaACL
005 20230906191906.0
007 t|
008 070214s1969 sp r ||||1| spa d
100 1 _aPoell, Wilhelm.
_992718
245 1 0 _aPsicología de la religión /
_cWilhelm Pöll ; versión de Ismael Antich.
260 _aBarcelona :
_bHerder,
_c1969.
300 _a500 p. ;
_c22 cm.
700 1 _aAntich, Ismael.
_921892
852 _aES-MaACL
_jC-38471
_bR.71110
999 _c122020
_d122020